|
|
|
|
| LEADER |
00891cam a2200217 7i4500 |
| 001 |
0000042996 |
| 005 |
20221028090000.0 |
| 020 |
|
|
|a 9781405188128 (hbk. ; set)
|
| 020 |
|
|
|a 140518812X (hbk. ; set)
|
| 090 |
0 |
0 |
|a P94
|b .H304 2011
|
| 245 |
0 |
4 |
|a The handbook of global communication and media ethics
|c edited by Robert S. Fortner and P. Mark Fackler.
|
| 260 |
|
|
|a West Sussex, UK
|a Malden, MA.:
|b Wiley-Blackwell,
|c 2011.
|
| 300 |
|
|
|a 2 v.:
|b ill.;
|c 26 cm.
|
| 490 |
0 |
|
|a Handbooks in communication and media
|
| 650 |
0 |
0 |
|a Communication --
|x Moral and ethical aspects
|
| 650 |
0 |
0 |
|a Mass media --
|x Moral and ethical aspects
|
| 700 |
1 |
|
|a Fortner, Robert S.
|
| 700 |
1 |
|
|a Fackler, Mark
|
| 997 |
|
|
|a Communication, Visual Art & Computing, Faculty
|b Communication, Department
|
| 999 |
|
|
|a 0000052087
|b BOK
|c REFERENCE
|e 2nd Floor, Shah Alam
|
| 999 |
|
|
|a 0000052088
|b BOK
|c REFERENCE
|e 2nd Floor, Shah Alam
|